000
00253nam a2200109Ia 4500
001
1272381
005
20260417151427.0
008
260417s9999 xx 000 0 und d
020
_a
9786255888747
245
0
_a
Geçit
_c
Minh Le
260
_b
Ketebe Çocuk
999
_c
1272381
_d
1272381